Komerčná banky a jej imidž

Zisťovanie imidžu banky. Ako metódy výskumu sa používajú dotazník a rozhovor. Spracovanie zozbieraných informácií. Využitie výsledkov výskumu v praxi.

Gespeichert in:
Bibliographische Detailangaben
1. Verfasser: Veresová, Eleonóra
Format: Buchkapitel
Sprache:Slowakisch
Schlagworte:
Tags: Tag hinzufügen
Keine Tags, Fügen Sie das erste Tag hinzu!

MARC

LEADER 00000naa a2200000 4500
001 r034162
005 20041019155600.2
041 0 |a slo 
044 |a SK 
245 1 0 |a Komerčná banky a jej imidž  |c Eleonóra Veresová 
520 |a Zisťovanie imidžu banky. Ako metódy výskumu sa používajú dotazník a rozhovor. Spracovanie zozbieraných informácií. Využitie výsledkov výskumu v praxi. 
610 2 0 |a banky obchodné 
610 2 0 |a imidž 
610 2 0 |a rozhovor 
610 2 0 |a dotazníky 
610 2 0 |a spracovanie dát 
100 1 |a Veresová, Eleonóra